书目信息 |
| 题名: |
儿童的智力
|
|
| 作者: | 唐纳德逊 编 ;蔡〓年 译 | |
| 分册: | ||
| 出版信息: | 北京 教育科学出版社 1982 |
|
| 页数: | 160页 | |
| 开本: | 19cm | |
| 丛书名: | ||
| 单 册: | ||
| 中图分类: | G610 , G44 | |
| 科图分类: | ||
| 主题词: | 儿童-智力开发 , 智力开发-儿童 | |
| 电子资源: | ||
| ISBN: | ||
| 000 | 00723nam0 2200265 45 | |
| 001 | 0182003834 | |
| 005 | 20060820085702.25 | |
| 010 | @dCNY0.48 | |
| 091 | @a7232.85 | |
| 100 | @a19950502d1982 em y0chiy0121 ea | |
| 101 | 1 | @achi@ceng |
| 102 | @aCN@b110000 | |
| 105 | @ay z 000yy | |
| 200 | 10 | @a儿童的智力@Aer tong de zhi li@f(英)玛格丽特·唐纳德逊著@g蔡〓年译 |
| 210 | @a北京@c教育科学出版社@d1982 | |
| 215 | @a160页@d19cm | |
| 606 | @a儿童-智力开发 | |
| 606 | @a智力开发-儿童 | |
| 690 | @aG610@v3 | |
| 690 | @aG44 | |
| 701 | 1 | @a唐纳德逊@Atang na de xun@b玛格丽特@4编 |
| 702 | 0 | @a蔡〓年@Acai〓 nian@4译 |
| 801 | 2 | @aCN@bNLC@c20060820 |
| 801 | 0 | @aCN@b上海图书馆@c20060818 |
| 905 | @f1@b228517@dG44@e39 | |
| 儿童的智力/(英)玛格丽特·唐纳德逊著/蔡〓年译.-北京:教育科学出版社,1982 |
| 160页;19cm |
| ISBN :CNY0.48 |
| ● |
| 相关链接 |
|
|
|
|
正题名:儿童的智力
索取号:G44/39
 
预约/预借
| 序号 | 登录号 | 条形码 | 馆藏地/架位号 | 状态 | 备注 |
| 1 | 0228517 | 000457035 | 密集书库/ [索取号:G44/39] | 在馆 | |
| 2 | 0228518 | 000456973 | 第一样本阅览室/ [索取号:G44/39] | 在馆 | |
| 3 | 0447169 | 204471696 | 密集书库/ [索取号:G44/39] | 在馆 | |
| 4 | 0465589 | 204655890 | 密集书库/ [索取号:G44/39] | 在馆 | |
| 5 | 0471294 | 204712944 | 密集书库/ [索取号:G44/39] | 在馆 |